[Event "Cappelle Online Blitz op"]
[Site "Europe Echecs INT"]
[Date "2022.01.09"]
[Round "5"]
[White "Allays, Christian"]
[Black "Delannoy, Frederic"]
[Result "0-1"]
[WhiteElo "1319"]
[BlackElo "1689"]
[PlyCount "100"]
[EventDate "2022.01.09"]
[EventType "swiss (blitz)"]
[EventRounds "11"]
[EventCountry "FRA"]
[SourceTitle "EXT 2023"]
[Source "ChessBase"]
[SourceDate "2022.10.05"]
[SourceVersion "1"]
[SourceVersionDate "2022.10.05"]
[SourceQuality "1"]

1. e4 d5 2. exd5 Nf6 3. d4 Bg4 4. Be2 Bxe2 5. Nxe2 Qxd5 6. Nbc3 Qf5 7. Ng3 Qg6 8. 0-0 Nc6 9. Re1 0-0-0 10. Be3 e6 11. Nb5 a6 12. Na3 h5 13. c3 h4 14. Ne2 Bd6 15. Nf4 Qf5 16. Qd2 g5 17. d5 Bxf4 18. Bxf4 gxf4 19. c4 Rhg8 20. Qc3 exd5 21. cxd5 Rxd5 22. Nc4 Qg5 23. Qh3+ Qg4 24. Qxg4+ Nxg4 25. f3 Ne3 26. Nxe3 fxe3 27. Rxe3 Rgd8 28. Rae1 Rd1 29. Rxd1 Rxd1+ 30. Kf2 Rd2+ 31. Kf1 Rxb2 32. Re8+ Kd7 33. Rh8 Rxa2 34. Rxh4 Rb2 35. Rf4 Ke6 36. h4 Ne5 37. h5 a5 38. h6 Ng6 39. Re4+ Kf6 40. f4 Rb4 41. Re2 a4 42. f5 Nh8 43. h7 Kg7 44. f6+ Kxh7 45. Re3 Kg6 46. Rh3 Kxf6 47. Rxh8 a3 48. Rh6+ Ke7 49. Rh3 a2 50. Re3+ Kf8 0-1

[Event "Cappelle Online Blitz op"]
[Site "Europe Echecs INT"]
[Date "2022.01.09"]
[Round "11"]
[White "Csano, Joseph"]
[Black "Delannoy, Frederic"]
[Result "0-1"]
[WhiteElo "1490"]
[BlackElo "1689"]
[PlyCount "30"]
[EventDate "2022.01.09"]
[EventType "swiss (blitz)"]
[EventRounds "11"]
[EventCountry "FRA"]
[SourceTitle "EXT 2023"]
[Source "ChessBase"]
[SourceDate "2022.10.05"]
[SourceVersion "1"]
[SourceVersionDate "2022.10.05"]
[SourceQuality "1"]

1. d4 Nf6 2. c4 e5 3. dxe5 Ng4 4. Nf3 Bc5 5. e3 Nc6 6. a3 a5 7. h3 Ngxe5 8. Be2 0-0 9. Nc3 Re8 10. 0-0 Ra6 11. b3 Nxf3+ 12. Bxf3 Ne5 13. Be4 Rh6 14. Qc2 d6 15. Bxh7+ Rxh7 0-1

[Event "Cappelle Online Blitz op"]
[Site "Europe Echecs INT"]
[Date "2021.03.07"]
[Round "10"]
[White "Merstorf, Denis"]
[Black "Delannoy, Frederic"]
[Result "1-0"]
[WhiteElo "1927"]
[BlackElo "1686"]
[PlyCount "69"]
[EventDate "2021.03.07"]
[EventType "swiss (blitz)"]
[EventRounds "11"]
[EventCountry "FRA"]
[SourceTitle "CBM 201 Extra"]
[Source "ChessBase"]
[SourceDate "2021.05.31"]
[SourceVersion "1"]
[SourceVersionDate "2021.05.31"]
[SourceQuality "1"]

1. d4 Nf6 2. c4 e5 3. dxe5 Ng4 4. Bf4 Bb4+ 5. Nd2 d6 6. exd6 Qf6 7. Bg3 Qxb2 8. Ngf3 Bf5 9. Rc1 Nc6 10. e4 Bg6 11. Rb1 Qc3 12. Rb3 Qf6 13. e5 Qe6 14. Be2 cxd6 15. 0-0 dxe5 16. h3 Nf6 17. Nxe5 Nxe5 18. Rxb4 0-0 19. Rxb7 Rfd8 20. Qc1 a5 21. Nf3 Nxf3+ 22. Bxf3 Rac8 23. c5 Qa6 24. c6 Bh5 25. Bxh5 Nxh5 26. Qg5 Nxg3 27. Qxg3 Rxc6 28. Re7 Rg6 29. Qf3 Rf6 30. Qe4 Rf8 31. Re1 h6 32. Re8 Re6 33. Rxe6 fxe6 34. Qxe6+ Kh8 35. Qxa6 1-0

[Event "Bethune op-B 25th"]
[Site "Bethune"]
[Date "2004.12.29"]
[Round "6"]
[White "Sergent, Francois"]
[Black "Delannoy, Frederic"]
[Result "0-1"]
[WhiteElo "1720"]
[BlackElo "1760"]
[PlyCount "49"]
[EventDate "2004.12.26"]
[EventType "swiss"]
[EventRounds "7"]
[EventCountry "FRA"]
[SourceTitle "EXT 2006"]
[Source "ChessBase"]
[SourceDate "2005.11.24"]
[SourceVersion "1"]
[SourceVersionDate "2005.11.24"]
[SourceQuality "1"]

1. e4 d5 2. exd5 Nf6 3. d4 Bg4 4. f3 Bf5 5. Ne2 Qxd5 6. Ng3 Bg6 7. Nc3 Qd7 8. Bc4 Nc6 9. Be3 0-0-0 10. Nce2 e5 11. c3 exd4 12. cxd4 Bb4+ 13. Kf2 Qe7 14. Nf4 Nxd4 15. Bxd4 Rxd4 16. Nxg6 fxg6 17. Qb3 Qc5 18. Be6+ Kb8 19. Kf1 Ba5 20. Ne2 Rd2 21. Rc1 Qe5 22. Qc4 Rhd8 23. g3 Qe3 24. Re1 Qxf3+ 25. Kg1 0-1

[Event "Bethune op-B 24th"]
[Site "Bethune"]
[Date "2003.12.26"]
[Round "1"]
[White "Durczak, Jean Claude"]
[Black "Delannoy, Frederic"]
[Result "1/2-1/2"]
[WhiteElo "1530"]
[BlackElo "1680"]
[PlyCount "42"]
[EventDate "2003.12.26"]
[EventType "swiss"]
[EventRounds "9"]
[EventCountry "FRA"]
[SourceTitle "EXT 2005"]
[Source "ChessBase"]
[SourceDate "2004.11.15"]
[SourceVersion "1"]
[SourceVersionDate "2004.11.15"]
[SourceQuality "1"]

1. d4 Nf6 2. c4 e5 3. dxe5 Ng4 4. e3 Nxe5 5. Nf3 Nbc6 6. Nc3 Bc5 7. Be2 0-0 8. b3 Re8 9. Bb2 a5 10. 0-0 Nxf3+ 11. Bxf3 Ne5 12. Ne4 Bf8 13. Ng3 Ra6 14. Be4 Qh4 15. Qc2 Rh6 16. h3 Ra6 17. Nf5 Qh5 18. Ng3 Qh4 19. Nf5 Qh5 20. Ng3 Qh4 21. Nf5 Qh5 1/2-1/2

[Event "FRA-ch du Nord"]
[Site "France"]
[Date "2003.04.15"]
[Round "7"]
[White "Delannoy, Frederic"]
[Black "Regniez, Jeremy"]
[Result "1-0"]
[WhiteElo "1580"]
[BlackElo "1460"]
[PlyCount "51"]
[EventDate "2003.04.12"]
[EventType "swiss"]
[EventRounds "7"]
[EventCountry "FRA"]
[SourceTitle "EXT 2008"]
[Source "ChessBase"]
[SourceDate "2007.11.25"]
[SourceVersion "1"]
[SourceVersionDate "2007.11.25"]
[SourceQuality "1"]

1. e4 c6 2. d4 d5 3. exd5 cxd5 4. Bd3 Nf6 5. c3 Nc6 6. Bf4 g6 7. Nd2 Bg7 8. Ngf3 0-0 9. 0-0 a6 10. Qb3 Nh5 11. Be3 e5 12. dxe5 Nxe5 13. Nxe5 Bxe5 14. Nf3 Bg7 15. Bb6 Qd6 16. Rad1 Nf6 17. Rfe1 Bg4 18. Be2 Be6 19. Bd4 Rfe8 20. Be5 Qe7 21. Nd4 Nd7 22. Nxe6 fxe6 23. Bxg7 Kxg7 24. Bg4 Nc5 25. Qb6 Qf7 26. Qxc5 1-0

[Event "FRA-ch du Nord"]
[Site "France"]
[Date "2003.04.15"]
[Round "6"]
[White "Lai, Antoine"]
[Black "Delannoy, Frederic"]
[Result "1-0"]
[WhiteElo "1890"]
[BlackElo "1580"]
[PlyCount "65"]
[EventDate "2003.04.12"]
[EventType "swiss"]
[EventRounds "7"]
[EventCountry "FRA"]
[SourceTitle "EXT 2008"]
[Source "ChessBase"]
[SourceDate "2007.11.25"]
[SourceVersion "1"]
[SourceVersionDate "2007.11.25"]
[SourceQuality "1"]

1. e4 d5 2. exd5 Nf6 3. Nc3 Nxd5 4. Bc4 Nb6 5. Bb3 c5 6. d3 Nc6 7. Be3 Nd4 8. Ne4 e6 9. c3 Nxb3 10. axb3 Qc7 11. Nf3 Be7 12. 0-0 Nd5 13. d4 Nxe3 14. fxe3 cxd4 15. Qxd4 0-0 16. Rxa7 Rxa7 17. Qxa7 Qc6 18. Qa4 b5 19. Qd4 Bb7 20. Ng3 Bc5 21. Qf4 f6 22. Re1 g5 23. Qg4 h6 24. b4 Bb6 25. Qh3 Kh7 26. Re2 Rg8 27. Nd4 Bxd4 28. exd4 g4 29. Qh4 e5 30. Nf5 Rg6 31. Ne7 Qc4 32. Rf2 g3 33. hxg3 1-0

[Event "FRA-ch du Nord"]
[Site "France"]
[Date "2003.04.14"]
[Round "5"]
[White "Ratsavong, Moukda"]
[Black "Delannoy, Frederic"]
[Result "0-1"]
[WhiteElo "1860"]
[BlackElo "1580"]
[PlyCount "92"]
[EventDate "2003.04.12"]
[EventType "swiss"]
[EventRounds "7"]
[EventCountry "FRA"]
[SourceTitle "EXT 2008"]
[Source "ChessBase"]
[SourceDate "2007.11.25"]
[SourceVersion "1"]
[SourceVersionDate "2007.11.25"]
[SourceQuality "1"]

1. d4 Nf6 2. c4 e5 3. d5 Bc5 4. Nf3 d6 5. g3 0-0 6. Bg2 Bf5 7. 0-0 Qc8 8. Nc3 Re8 9. a3 a6 10. b4 Ba7 11. Bb2 e4 12. Nd4 Bh3 13. e3 Bxg2 14. Kxg2 Nbd7 15. Rc1 Ne5 16. Nce2 Nd3 17. Rc2 Ng4 18. Bc3 Nge5 19. Ba1 Qg4 20. Ng1 Qxd1 21. Rxd1 c5 22. bxc5 Bxc5 23. a4 Rac8 24. Rb1 Bxd4 25. Bxd4 Nxc4 26. Rc3 Na5 27. Ne2 Nc5 28. Ra3 Re7 29. Rb6 Nc4 30. Bxc5 Rxc5 31. Rab3 Nxb6 32. Rxb6 Rxd5 33. Nd4 g6 34. Ne2 Ra5 35. Rb4 d5 36. Nc1 b5 37. axb5 Rxb5 38. Ra4 Rc7 39. Ne2 Ra7 40. Nd4 Rc5 41. Nb3 Rc4 42. Ra5 Rb7 43. Nc5 Rb2 44. Rxa6 Rxc5 45. Rf6 Rcc2 46. Rf4 Kg7 0-1

[Event "FRA-chT4 Nord-Pas-de-Calais 9798"]
[Site "France"]
[Date "1997.10.19"]
[Round "1.2"]
[White "Delannoy, Frederic"]
[Black "Renard, Stephane"]
[Result "0-1"]
[WhiteElo "1299"]
[BlackElo "1850"]
[PlyCount "132"]
[EventDate "1997.??.??"]
[EventType "team-tourn"]
[EventRounds "7"]
[EventCountry "FRA"]
[SourceTitle "EXT 2019"]
[Source "ChessBase"]
[SourceDate "2018.10.10"]
[SourceVersion "1"]
[SourceVersionDate "2018.10.10"]
[SourceQuality "1"]

1. d4 g6 2. c4 d6 3. Nc3 Bg7 4. e4 e5 5. d5 Ne7 6. Be3 0-0 7. f3 f5 8. Bg5 Bf6 9. h4 f4 10. Bxf6 Rxf6 11. Qc2 Nd7 12. Nh3 Nf8 13. 0-0-0 h6 14. Qf2 Nh7 15. Ng1 a6 16. a3 g5 17. hxg5 hxg5 18. g3 Qf8 19. g4 Rh6 20. Qg2 Kf7 21. Rd2 Bd7 22. Rxh6 Qxh6 23. Qh2 Qxh2 24. Rxh2 Nf6 25. Kd2 Kg7 26. Be2 Rh8 27. Rxh8 Kxh8 28. Nh3 Nh7 29. Ke1 Kg7 30. Bd1 Kf6 31. Ba4 c6 32. Bc2 Nf8 33. b3 Nfg6 34. Kf2 Nh8 35. a4 Nf7 36. a5 Nc8 37. Ng1 b6 38. axb6 Nxb6 39. Nge2 Ke7 40. Na4 Nxa4 41. bxa4 Nd8 42. Nc3 Nb7 43. Ke2 Kd8 44. dxc6 Bxc6 45. Nd5 Nc5 46. a5 Bxd5 47. cxd5 Kc7 48. Bd3 Kb7 49. Bc4 Ka7 50. Kd2 Nb7 51. Kc3 Nxa5 52. Kb4 Nxc4 53. Kxc4 Kb6 54. Kb4 a5+ 55. Ka4 Ka6 56. Ka3 Kb5 57. Kb3 a4+ 58. Ka3 Ka5 59. Kb2 Kb4 60. Ka2 a3 61. Kb1 Kc3 62. Ka2 Kd3 63. Kxa3 Ke3 64. Kb2 Kxf3 65. Kc2 Kxe4 66. Kd2 Kxd5 0-1